000 00329nam a2200121Ia 4500
008 240731s9999 xx 000 0 und d
022 _a2578-3866
245 0 _aPRACTICE : Contemporary Issues in Practitioner Education
260 _bRoutledge
856 _uhttps://www.tandfonline.com/loi/rpra20
942 _2ddc
942 _cTFEJ
999 _c78840
_d78840
945 _a1
_bMadushi Gamage
_c1
_dMadushi Gamage